005470000a2200169000450024500890000065000150008965000300010465000220013465100250015665100500018165300480023104100130027970000160029270000170030810000210032577300310034610aBehaviour of the red howler monkey () in the Llanos of Venezuela14aEtología14aEcología de poblaciones14aUso del hábitat 4dGuaricópVenezuela 4lParque Nacional Natural La MacarenapColombia gAlouattaeAlouatta seniculusvMono aullador0 aInglés1 aAlvarez, F.1 aAzcarate, T.1 aBraza, Francisco1 tPreprint33q399-413d1981